| 000 | 00968nam a2200265 a 4500 | ||
|---|---|---|---|
| 001 | 20373 | ||
| 003 | BD-RjUL | ||
| 005 | 20211209000546.0 | ||
| 008 | 750826s1923 enkac b 000 1 eng d | ||
| 035 |
_a(BD-RjUL)20435 _aOCLC ocm01574656 from D961126M |
||
| 040 |
_aDLC _cDZM _dEQO _dBD-RjUL _beng |
||
| 041 | _aeng | ||
| 082 | 0 | 4 |
_220 _a821.008 _bSPS 1946 |
| 100 | 1 |
_aSpenser, Edmund, _d1552?-1599. _962814 |
|
| 245 | 1 | 0 |
_aSpenser : _bselections / _cwith essays by Hazlitt, Coleridge & Leigh Hunt; with an introduction and notes by W. Renwick. |
| 260 |
_aOxford : _bThe Clarendon press., _c1923 [reprinted 1946]. |
||
| 300 |
_axv, 208 p. : _bfront. (port.) ill. (facsims.) ; _c19 cm. |
||
| 490 | 0 | _a[The Clarendon series of English literature] | |
| 504 | _aIncludes bibliographical references. | ||
| 650 | 0 |
_aEnglish poetry _962815 |
|
| 700 | 1 |
_aRenwick, W. L. _q(William Lindsay), _d1889-1970 _954377 |
|
| 942 |
_2ddc _cBK |
||
| 999 |
_c20373 _d20373 |
||